=LDR 00000nam 2200000 4500 =001 INLIS00000000000025 =005 20260702043538 =020 ##$$a 9786233378839 =082 ##$$a 014.669 =100 1#$$a Pajar, Dwi R =245 1 $$a Buku Pintar Dana Desa /$c Dwi Pajar R =300 ##$$a 120 ; 15.5 x 23